01487nam a2200337 a 4500001001200000003000800012006001900020007001500039008004100054020002200095020002600117020001800143020002700161040002100188035002100209050002500230082002200255245013800277260004000415300002600455504004100481505017000522533015200692650003400844650004100878650003200919655002900951700002600980710001701006856012601023ebr10650092CaPaEBRm u cr cn|||||||||130208s1997 enkab sb 000 0 eng d z1874719012 (pbk.) z1874719063 (hardback) z9781874719069 z9781909493056 (e-book) aCaPaEBRcCaPaEBR a(OCoLC)83687521814aGE195.7b.I86 1997eb04a658.4/08/021822300aISO 14001 and beyondh[electronic resource] :benvironmental management systems in the real world /c[edited by Christopher Sheldon]. aSheffield :bGreenleaf Pub.,c1997. a410 p. :bill., maps. aIncludes bibliographical references.0 apt. 1. Laying down the law : how self-regulation came of age -- pt. 2. Coping strategies : important trends -- pt. 3. Tactical responses : managers at the greenface. aElectronic reproduction.bPalo Alto, Calif. :cebrary,d2013.nAvailable via World Wide Web.nAccess may be limited to ebrary affiliated libraries. 0aEnvironmental responsibility. 0aEnvironmental protectionxStandards. 0aISO 14000 Series Standards. 7aElectronic books.2local1 aSheldon, Christopher.2 aebrary, Inc.40uhttp://site.ebrary.com/lib/rucke/Doc?id=10650092zAn electronic book accessible through the World Wide Web; click to view